|
|
|
|
| LEADER |
00878pam a22002298a 4500 |
| 001 |
00039039 |
| 005 |
20190403140424.0 |
| 008 |
170517s1997 ||||||Viesd |
| 020 |
# |
# |
|c 16000
|
| 041 |
0 |
# |
|a Vie
|
| 082 |
1 |
4 |
|a 516
|b QU600TR
|
| 100 |
1 |
# |
|a Nguyễn, Văn Lộc
|
| 245 |
1 |
0 |
|a Quy trình giải các bài toán hình học bằng phương pháp vectơ
|c Nguyễn Văn Lộc
|
| 260 |
# |
# |
|a Hà Nội
|b Giáo dục
|c 1997
|
| 300 |
# |
# |
|a 203tr.
|
| 653 |
# |
# |
|a Hình học
|
| 653 |
# |
# |
|a Phương pháp
|
| 653 |
# |
# |
|a Quy trình
|
| 852 |
# |
# |
|b Kho mượn
|j KM.0022344
|
| 852 |
# |
# |
|b Kho đọc
|j KD.0021317
|
| 852 |
# |
# |
|j KM.0022344
|j KD.0021317
|j KM.0028577
|j KM.0028578
|j KM.0028579
|j KM.0028580
|j KM.0028581
|j KM.0028582
|j KM.0028583
|j KM.0028584
|j KM.0028585
|j KM.0028586
|
| 980 |
# |
# |
|a Trung tâm Học liệu Lê Vũ Hùng, Trường Đại học Đồng Tháp
|